| Tag |
First Indicator |
Second Indicator |
Subfields |
| LEADER |
00000cam a2200000La 4500 |
| 001 |
in00001572113 |
| 005 |
20220103181122.0 |
| 006 |
m u |
| 007 |
cr cn- |
| 008 |
001007s1999 maua sb 001 0deng d |
| 010 |
|
|
|z 98037736
|
| 020 |
|
|
|a 0585159394 (electronic bk.) :
|c $26.00
|
| 020 |
|
|
|z 0395867606
|
| 035 |
|
|
|a (OCoLC)ocm44959009
|
| 040 |
|
|
|a N$T
|c N$T
|d OCL
|d UtOrBLW
|
| 043 |
|
|
|a n-us---
|
| 049 |
|
|
|a IKMN
|
| 050 |
1 |
4 |
|a E468.9
|b .S43 1999eb
|
| 082 |
0 |
4 |
|a 973.7/3
|2 21
|
| 100 |
1 |
|
|a Sears, Stephen W.
|0 http://id.loc.gov/authorities/names/n50004924
|
| 245 |
1 |
0 |
|a Controversies & commanders :
|b dispatches from the Army of the Potomac /
|c Stephen W. Sears.
|
| 246 |
3 |
|
|a Controversies and commanders
|
| 264 |
|
1 |
|a Boston :
|b Houghton Mifflin,
|c 1999.
|
| 300 |
|
|
|a xv, 300 pages :
|b illustrations ;
|c 22 cm.
|
| 336 |
|
|
|a text
|b txt
|2 rdacontent
|
| 337 |
|
|
|a computer
|b c
|2 rdamedia
|
| 338 |
|
|
|a online resource
|b cr
|2 rdacarrier
|
| 504 |
|
|
|a Includes bibliographical references and index.
|
| 533 |
|
|
|a Electronic reproduction.
|b Boulder, Colo. :
|c NetLibrary,
|d 2000.
|n Available via the World Wide Web.
|n Available in multiple electronic file formats.
|n Access may be limited to NetLibrary affiliated libraries.
|
| 500 |
|
|
|a Electronic resource.
|
| 651 |
|
0 |
|a United States
|x History
|y Civil War, 1861-1865
|v Anecdotes.
|0 http://id.loc.gov/authorities/subjects/sh85140210
|
| 610 |
1 |
0 |
|a United States.
|b Army of the Potomac
|x Anecdotes.
|
| 651 |
|
0 |
|a United States
|x History
|y Civil War, 1861-1865
|v Biography.
|0 http://id.loc.gov/authorities/subjects/sh85140214
|
| 610 |
1 |
0 |
|a United States.
|b Army of the Potomac
|v Biography.
|
| 655 |
|
7 |
|a Electronic books.
|2 local
|
| 710 |
2 |
|
|a NetLibrary, Inc.
|0 http://id.loc.gov/authorities/names/no99080690
|
| 710 |
1 |
|
|a United States.
|b Army of the Potomac.
|0 http://id.loc.gov/authorities/names/n82220368
|
| 776 |
1 |
|
|c Original
|w (DLC) 98037736
|w (OCoLC)39914398
|
| 856 |
4 |
1 |
|u https://proxy.library.tamu.edu/login?url=http://www.netLibrary.com/urlapi.asp?action=summary&v=1&bookid=10179
|z Connect to the full text of this electronic book
|t 0
|
| 994 |
|
|
|a 92
|b IKM
|
| 999 |
|
|
|a MARS
|
| 999 |
f |
f |
|s 4330b590-71f8-34a1-afe2-3679dfa54c7b
|i cb7306d5-660a-354f-ba7b-472e7a692f41
|t 0
|
| 952 |
f |
f |
|a Texas A&M University
|b College Station
|c Electronic Resources
|d Available Online
|t 0
|e E468.9 .S43 1999eb
|h Library of Congress classification
|
| 998 |
f |
f |
|a E468.9 .S43 1999eb
|t 0
|l Available Online
|